Statistics for AP World History #4

Click here to take the quiz!

General Stats

  • This quiz has been taken 113 times
  • The average score is 6 of 10

Answer Stats

HintAnswer% Correct
Wrote the Communist ManifestoKarl Marx
92%
Adopted 5-year-plans in RussiaJoseph Stalin
86%
The Columbian Exchange was named after himChristopher Columbus
85%
Led the Mali EmpireMansa Musa
68%
Communist Vietnamese leader who freed their country from outside influenceHo Chi Minh
62%
Activated Keynesian Economics after the Great Depression in the USAFranklin Roosevelt
61%
Led thousands of exploration ships from ChinaZheng He
45%
Invented Keynesian EconomicsJohn Maynard Keynes
40%
Chinese leader who attempted capitalist reformsDeng Xiaoping
27%
Syncretic leader of the Mughal EmpireAkbar the Great
19%

Score Distribution

Percentile by Number Answered

Percent of People with Each Score

Your Score History

You have not taken this quiz